UM Logo

Social deviation and social work / (Record no. 23850)

MARC details
000 -LEADER
fixed length control field 00558nam a22001697a 4500
005 - DATE AND TIME OF LATEST TRANSACTION
control field 20250922083609.0
008 - FIXED-LENGTH DATA ELEMENTS--GENERAL INFORMATION
fixed length control field 250919b |||||||| |||| 00| 0 eng d
020 ## - INTERNATIONAL STANDARD BOOK NUMBER
International Standard Book Number 9789362248800
082 ## - DEWEY DECIMAL CLASSIFICATION NUMBER
Classification number DC 361.3 So131 2025
245 ## - TITLE STATEMENT
Title Social deviation and social work /
Statement of responsibility, etc. Edited by: Brijesh Jha.
260 ## - PUBLICATION, DISTRIBUTION, ETC. (IMPRINT)
Place of publication, distribution, etc. India :
Name of publisher, distributor, etc. Discovery Publishing House,
Date of publication, distribution, etc. ©2025.
300 ## - PHYSICAL DESCRIPTION
Extent v, 224 :
Other physical details illustrations (some colors) ;
Dimensions 24 cm.
500 ## - GENERAL NOTE
General note Includes references and index.
650 #0 - SUBJECT ADDED ENTRY--TOPICAL TERM
Topical term or geographic name as entry element Social work.
9 (RLIN) 67972
700 ## - ADDED ENTRY--PERSONAL NAME
Personal name Jha, Brijesh.
9 (RLIN) 67860
Relator term author.
942 ## - ADDED ENTRY ELEMENTS (KOHA)
Source of classification or shelving scheme Dewey Decimal Classification
Koha item type Circulation
Holdings
Withdrawn status Lost status Source of classification or shelving scheme Damaged status Not for loan Collection code Home library Current library Date acquired Source of acquisition Cost, normal purchase price Total Checkouts Full call number Barcode Date last seen Price effective from Koha item type
    Dewey Decimal Classification     Circulation UM Digos College - LIC UM Digos College - LIC 08/11/2025 Purchased 5280.00   DC 361.3 So131 2025 28881 09/19/2025 09/19/2025 Circulation